| 000 | 00722 a2200193 4500 | ||
|---|---|---|---|
| 020 | _a0071106146 | ||
| 040 |
_aDLC _bDLC |
||
| 082 | _a621.382 | ||
| 100 | 1 | _aGross, Lynne S. | |
| 245 | 1 | 0 |
_aTelecommunications: radio, television, and movies in the digital age _bradio, television, and movies in the digital age _cLynne Schafer Gross, Edward John Fink. |
| 246 | 1 | 4 |
_aTelecommunications : _ban introduction to electronic media |
| 250 | _a9th ed., MaGraw-Hill International student ed. | ||
| 260 |
_aBoston : _bMcGraw-Hill, _cc2006. |
||
| 300 |
_axv, 458 p. : _bill. (some col.) ; _c24 cm. |
||
| 500 | _aPrevious ed.: 2003. | ||
| 650 | 0 | _aTelecommunication. | |
| 700 | 1 | _aFink, Edward John. | |
| 942 |
_cBK _k621.382 GRO _2ddc |
||
| 999 |
_c8133 _d8133 |
||